000 00322 a2200157 4500
001 76214
020 _a9788592736217
040 _cAnchieta - Colégio São Paulo
100 _aValle, Cassia
240 1 0 _aCalu
_lpor
245 1 0 _aCalu
300 _a28
362 0 _a2017
650 4 _aLiteratura infantil
942 _cBK
999 _c76214
_d76214